| 000 | 00547nam a22001697a 4500 | ||
|---|---|---|---|
| 003 | MACL | ||
| 005 | 20160527152936.0 | ||
| 008 | 160527b xxu||||| |||| 00| 0 eng d | ||
| 040 | _cMACL | ||
| 041 | _aHindi | ||
| 082 | _a891.433 | ||
| 100 |
_aनायर, एम टी वासुदेवन _945635 |
||
| 245 |
_aदूसरी बारी _cएम टी वासुदेवन नायर |
||
| 260 |
_aदिल्ली _bसाहित्य अकादेमी _c1999 |
||
| 650 |
_aNovel _960264 |
||
| 942 |
_2ddc _cHIN |
||
| 999 |
_c54127 _d54127 |
||